Móng cọc tiết diện nhỏ : (Tiêu chuẩn thiết kế, tiêu chuẩn thi công và nghiệm thu); TCXD 189 và 190/1996

TCXD 189-96: Móng cọc tiết diện nhỏ - tiêu chuẩn thiết kế. TCXD 190-96: Móng cọc tiết diện nhỏ - tiêu chuẩn thi công và nghiệm thu

Shranjeno v:
Bibliografske podrobnosti
Korporativna značnica: Bộ Xây dựng
Format: Knjiga
Jezik:Undetermined
Izdano: Hà Nội Xây dựng 1996
Teme:
Oznake: Označite
Brez oznak, prvi označite!
Thư viện lưu trữ: Trung tâm Học liệu Trường Đại học Cần Thơ
LEADER 00913nam a2200217Ia 4500
001 CTU_27902
008 210402s9999 xx 000 0 und d
082 |a 690.0212 
082 |b B450m 
110 |a Bộ Xây dựng 
245 0 |a Móng cọc tiết diện nhỏ : 
245 0 |b (Tiêu chuẩn thiết kế, tiêu chuẩn thi công và nghiệm thu); TCXD 189 và 190/1996 
245 0 |c Bộ Xây dựng 
260 |a Hà Nội 
260 |b Xây dựng 
260 |c 1996 
520 |a TCXD 189-96: Móng cọc tiết diện nhỏ - tiêu chuẩn thiết kế. TCXD 190-96: Móng cọc tiết diện nhỏ - tiêu chuẩn thi công và nghiệm thu 
650 |a Buildings,Construction industry,Construction industry 
650 |x Quality control,Standards 
904 |i Trọng Hải 
980 |a Trung tâm Học liệu Trường Đại học Cần Thơ